000 00349nam a2200145Ia 4500
005 20250526031421.0
008 240331s9999 xx 000 0 und d
082 _a302.234
_bJAY
100 _aJayasundara, T
245 0 _aCinemawa
260 _aSampath Press
_bKandy
_c1995
300 _a44 p .,
500 _aA Book about Sinhala Cinema
942 _cL
999 _c1164
_d1164